| 000 | 00813nam a22002657a 4500 | ||
|---|---|---|---|
| 003 | OSt | ||
| 005 | 20180116192419.0 | ||
| 008 | 131004t xxu||||| |||| 00| 0 eng d | ||
| 020 | _a9781443835176 | ||
| 020 | _a144383517-x | ||
| 040 | _c00 | ||
| 082 | _a720.1 | ||
| 100 | 1 |
_aFez-Barringten, Barie. _97093 |
|
| 245 | 1 | 0 |
_aArchitecture : _bthe making of metaphors / _cBarie Fez-Barringten, Edward Hart. |
| 260 |
_aNewcastle: _bCambridge scholars, _c2012. |
||
| 300 |
_a188p.; _c12cm. |
||
| 650 |
_aArchitectural design _97094 |
||
| 650 |
_aPhenomenology _97095 |
||
| 650 |
_aSymbolism in architecture _97096 |
||
| 650 |
_aArchitecture _yPhilosophy _97097 |
||
| 650 |
_aMetaphor _97098 |
||
| 700 | 1 |
_a Hart, Edward. _97099 |
|
| 942 |
_2ddc _cBK |
||
| 999 |
_c353829 _d353829 |
||